Morgenländische Teppiche (Record no. 7898)

MARC details
000 -CABECERA
campo de control de longitud fija 00780nam a2200253 a 4500
001 - NÚMERO DE CONTROL
campo de control BRCA_8230
005 - FECHA Y HORA DE LA ÚLTIMA TRANSACCIÓN
campo de control 20190320210203.0
008 - DATOS DE LONGITUD FIJA--INFORMACIÓN GENERAL
campo de control de longitud fija 220514s1954----gw-a###f##---#001-0#ger-#
041 ## - CÓDIGO DE LENGUA
Código de lengua del texto/banda sonora o título independiente ger
044 ## - CÓDIGO DEL PAÍS DE LA ENTIDAD EDITORA/PRODUCTORA
Código MARC del país gw
050 #4 - SIGNATURA TOPOGRÁFICA DE LA BIBLIOTECA DEL CONGRESO
Número de clasificación NK2808
Número de documento/Ítem .R67 1954
100 1# - ENTRADA PRINCIPAL--NOMBRE DE PERSONA
Nombre de persona Ropers, Hinrich
9 (RLIN) 9435
245 10 - MENCIÓN DE TÍTULO
Título Morgenländische Teppiche
Mención de responsabilidad, etc. von H. Ropers ; sechste von R. Diecke.
260 ## - PUBLICACIÓN, DISTRIBUCIÓN, ETC.
Lugar de publicación, distribución, etc. Braunschwieg, Alemania
Nombre del editor, distribuidor, etc. Klinkhardt & Biermann
Fecha de publicación, distribución, etc. 1954
300 ## - DESCRIPCIÓN FÍSICA
Extensión 319 p.
Otras características físicas il., mapas, 23 láminas
Dimensiones 25 cm.
440 #0 - MENCIÓN DE SERIE/PUNTO DE ACCESO ADICIONAL--TÍTULO
Título Bibliothek für kunst
Número de parte o sección de la obra XIX
9 (RLIN) 20524
500 ## - NOTA GENERAL
Nota general Ver también Y99
500 ## - NOTA GENERAL
Nota general T36
650 14 - PUNTO DE ACCESO ADICIONAL DE MATERIA--TÉRMINO DE MATERIA
Término de materia o nombre geográfico como elemento de entrada Tapices orientales
Subdivisión de forma Coleccionistas y colecciones
9 (RLIN) 20061
650 14 - PUNTO DE ACCESO ADICIONAL DE MATERIA--TÉRMINO DE MATERIA
Término de materia o nombre geográfico como elemento de entrada Tapices orientales
Subdivisión de forma Catálogos
9 (RLIN) 20062
700 1# - PUNTO DE ACCESO ADICIONAL--NOMBRE DE PERSONA
Nombre de persona Diecke, R.
9 (RLIN) 20525
902 ## - CATALOGADOR
Iniciales GFM
942 ## - ELEMENTOS DE PUNTO DE ACCESO ADICIONAL (KOHA)
Fuente del sistema de clasificación o colocación Library of Congress Classification
Tipo de ítem Koha Libros
Holdings
Estado de retiro Estado de pérdida Estado dañado No para préstamo Localización permanente Ubicación/localización actual Fecha de adquisición Número de inventario Total de préstamos Signatura topográfica completa Código de barras Fecha visto por última vez Precio válido a partir de Tipo de ítem Koha
El ejemplar forma parte de la colección y puede ser consultado según las políticas vigentes.       Biblioteca del Museo Franz Mayer (Rogerio Casas-Alatriste) Biblioteca del Museo Franz Mayer (Rogerio Casas-Alatriste) 22/05/2014 T36   NK2808 .R67 1954 (T36) 8854 22/03/2019 22/03/2019 Libros